Question bank commerce / (Record no. 129637)
[ view plain ]
| 000 -LEADER | |
|---|---|
| fixed length control field | 00732nam a22002297a 4500 |
| 005 - DATE AND TIME OF LATEST TRANSACTION | |
| control field | 20170124110100.0 |
| 010 ## - LIBRARY OF CONGRESS CONTROL NUMBER | |
| LC control number | B-010484 |
| 020 ## - INTERNATIONAL STANDARD BOOK NUMBER | |
| Terms of availability | 290.00 |
| International Standard Book Number | 818665125 |
| 035 ## - SYSTEM CONTROL NUMBER | |
| System control number | B-010484 |
| 037 ## - SOURCE OF ACQUISITION | |
| Source of stock number/acquisition | Cen Lib/Ret |
| 040 ## - CATALOGING SOURCE | |
| Original cataloging agency | DPL |
| Language of cataloging | EN |
| 082 ## - DEWEY DECIMAL CLASSIFICATION NUMBER | |
| Classification number | 657 |
| Item number | BHA |
| 100 ## - MAIN ENTRY--PERSONAL NAME | |
| Personal name | Bhatnagar, V.R. |
| 9 (RLIN) | 26970 |
| 245 ## - TITLE STATEMENT | |
| Title | Question bank commerce / |
| Statement of responsibility, etc | by V.R. Bhatnagar; edited by Ranjan S. Bhatia |
| 260 ## - PUBLICATION, DISTRIBUTION, ETC. (IMPRINT) | |
| Name of publisher, distributor, etc | Dhillon Group Publications |
| Place of publication, distribution, etc | New Delhi |
| Date of publication, distribution, etc | 1997 |
| 270 ## - ADDRESS | |
| Address | E-12, kalkaji |
| City | New Delhi |
| Postal code | 110019 |
| 300 ## - PHYSICAL DESCRIPTION | |
| Extent | xii, 464p. |
| Dimensions | 24cm(Hb) |
| 650 ## - SUBJECT ADDED ENTRY--TOPICAL TERM | |
| Topical term or geographic name as entry element | Commerce |
| General subdivision | questions, papers, exercise etc |
| 9 (RLIN) | 26971 |
| 650 ## - SUBJECT ADDED ENTRY--TOPICAL TERM | |
| Topical term or geographic name as entry element | Basics fundamentals |
| 9 (RLIN) | 26972 |
| 700 ## - ADDED ENTRY--PERSONAL NAME | |
| Personal name | Bhatia, Ranjan S. |
| 9 (RLIN) | 10021 |
| 942 ## - ADDED ENTRY ELEMENTS (KOHA) | |
| Source of classification or shelving scheme | Dewey Decimal Classification |
| Koha item type | English Books |
| Classification part | 657 |
| Call number suffix | BHA |
| Withdrawn status | Lost status | Damaged status | Not for loan | Home library | Current library | Date acquired | Source of acquisition | Cost, normal purchase price | Total Checkouts | Total Renewals | Full call number | Barcode | Date last seen | Date checked out | Copy number | Cost, replacement price | Price effective from | Koha item type |
|---|---|---|---|---|---|---|---|---|---|---|---|---|---|---|---|---|---|---|
| Central Library | Central Library | 07/07/2015 | Cen Lib/Ret | 290.00 | 2 | 1 | 657 BHA | B-010484 | 25/06/2019 | 19/06/2019 | 1 | 290.00 | 07/07/2015 | English Books |
